[Event "EY Boys U14 2012"]
[Site "Prague CZE"]
[Date "2012.08.24"]
[Round "8.22"]
[White "Grigorian,Sp"]
[Black "Aleksanyan,Gor"]
[Result "0-1"]
[WhiteElo "2118"]
[BlackElo "1907"]

1.d4 Nf6 2.c4 g6 3.Nc3 Bg7 4.e4 d6 5.Nf3 O-O 6.Be2 e5 7.O-O Na6 8.Be3 Ng4
9.Bg5 Qe8 10.h3 h6 11.Bh4 exd4 12.Nd5 Ne5 13.Be7 Nxf3+ 14.Bxf3 c6 15.Bxf8 Qxf8
16.Nf4 Kh7 17.Ne2 Qh8 18.Rb1 Be6 19.b3 Re8 20.Qd2 h5 21.Rbd1 c5 22.Nc1 Bh6
23.Qb2 Qf6 24.Qe2 Nb4 25.Nd3 Nc6 26.e5 Nxe5 27.Bxb7 Bf5 28.f4 Bxd3 29.Rxd3 Bxf4
30.g3 Nxd3 31.Qxe8 Be3+ 32.Qxe3 Qxf1+ 33.Kxf1 dxe3 34.a3 Nc1 35.b4 cxb4 36.axb4 e2+
37.Ke1 Nd3+ 38.Kxe2 Nxb4 39.Kd2 Kg7 40.Kc3 a5 41.Kb3 Nd3 42.Bd5 Nc5+ 43.Kc3 g5
44.h4 f5 45.Bf3 Kg6 46.Kd4 a4 47.Bc6 a3 48.Be8+ Kh6 49.Kc3 g4 50.Kc2 Ne4  0-1

[Event "24th Schlosspark Open"]
[Site "Wiesbaden GER"]
[Date "2012.08.24"]
[Round "2.12"]
[White "Jahnel,G"]
[Black "Scharrer,U"]
[Result "1-0"]
[WhiteElo "2282"]
[BlackElo "2054"]

1.d4 Nf6 2.c4 g6 3.Nc3 Bg7 4.e4 d6 5.Be2 O-O 6.Nf3 e5 7.Be3 Ng4 8.Bg5 f6
9.Bh4 Nh6 10.dxe5 dxe5 11.Qxd8 Rxd8 12.Nd5 g5 13.Nxc7 gxh4 14.Nxa8 Na6 15.c5 Nxc5
16.Nc7 Nxe4 17.Nxh4 Bf8 18.O-O Bc5 19.Rac1 Bd4 20.Rc2 a6 21.h3 Nf7 22.Nf3 Ba7
23.Nd5 Be6 24.Nc3 Ng3 25.Re1 e4 26.Bd1 f5 27.Kh2 Nh5 28.g4 Nf4 29.gxf5 Bxf5
30.Nh4 Bb8 31.Kh1 Bxh3 32.Nxe4 Kf8 33.f3 Nd3 34.Rg1 Bf4 35.Be2 Nde5 36.Rd1 Ke7
37.Rc7+ Nd7 38.Rxb7 Ne5 39.Nc5 Be6 40.Nxd7 Nxd7 41.Bxa6  1-0

[Event "14th Sants Open A"]
[Site "Barcelona ESP"]
[Date "2012.08.25"]
[Round "9.16"]
[White "Oms Pallisse,J"]
[Black "Panesso Rivera,H"]
[Result "1-0"]
[WhiteElo "2461"]
[BlackElo "2339"]

1.Nf3 Nf6 2.c4 g6 3.Nc3 Bg7 4.e4 d6 5.d4 O-O 6.Be2 e5 7.O-O Na6 8.Be3 c6
9.Re1 Bg4 10.h3 Bxf3 11.Bxf3 Qe7 12.Qd2 exd4 13.Bxd4 Nd7 14.Bxg7 Kxg7 15.Rad1 Nb6
16.Be2 Rad8 17.Bf1 Qe5 18.a3 Nc7 19.b4 Ne6 20.Nd5 c5 21.Qc1 g5 22.Ne3 Kh8
23.Nf5 Rg8 24.Qb1 Ng7 25.Nh6 Rgf8 26.Ng4 Qe7 27.Qd3 h5 28.Ne3 Rfe8 29.Nf5 Nxf5
30.exf5 Qf6 31.Qf3 Kg7 32.Qxb7 Rxe1 33.Rxe1 Nd7 34.Qd5 cxb4 35.axb4 g4 36.hxg4 hxg4
37.c5 dxc5 38.bxc5 g3 39.fxg3 Qc3 40.f6+ Nxf6 41.Qg5+ Kf8 42.Re5 Qd4+ 43.Kh1 Ng8
44.c6 f6 45.Rf5 Qc3 46.Rc5 Qa1 47.Qf4 Rd1 48.Kg1 Ne7 49.c7 Nc8 50.Rf5 Ke7
51.Qe4+ Kd7 52.Kh2 Nd6 53.Qc2 Qc1 54.c8=Q+ Nxc8 55.Rd5+ Rxd5 56.Qxc1 a5 57.Qf4 Rd6
58.Bb5+ Ke7 59.Qe3+ Kd8 60.g4 Kc7 61.Qc5+ Kd8 62.Ba4 Rb6 63.Qxa5 Ke7 64.Qc5+ Kd8
65.Bc2 Rb7 66.Bf5 Ne7 67.Qd6+  1-0

[Event "14th Sants Open A"]
[Site "Barcelona ESP"]
[Date "2012.08.25"]
[Round "9.11"]
[White "Laxman,R"]
[Black "Stokke,K"]
[Result "1-0"]
[WhiteElo "2428"]
[BlackElo "2390"]

1.Nf3 Nf6 2.c4 g6 3.Nc3 Bg7 4.e4 O-O 5.d4 d6 6.Be2 e5 7.O-O exd4 8.Nxd4 Re8
9.f3 Nc6 10.Be3 Nh5 11.Nxc6 bxc6 12.Qd2 f5 13.Bg5 Bf6 14.Bxf6 Nxf6 15.exf5 Bxf5
16.Bd3 Bxd3 17.Qxd3 Qe7 18.Qd4 Qe5 19.Qf2 Qf4 20.b3 Re3 21.Qd2 Nh5 22.Nd5 cxd5
23.Qxd5+ Kg7 24.Qxa8 Re2 25.Qxa7 Qe5 26.Rad1 Nf4 27.Qd4 Qxd4+ 28.Rxd4 g5
29.h4 Rc2 30.Kh1 h5 31.Re4 Kf6 32.hxg5+ Kxg5 33.Ra1 h4 34.a4 Ne2 35.Rg4+ Kh5
36.a5 Ng3+ 37.Rxg3  1-0

[Event "19th Graz Open 2012"]
[Site "Graz AUT"]
[Date "2012.08.25"]
[Round "1.26"]
[White "Loebler,H"]
[Black "Nikic,Saso"]
[Result "1-0"]
[WhiteElo "2124"]
[BlackElo "1691"]

1.d4 Nf6 2.c4 g6 3.Nc3 Bg7 4.e4 d6 5.Nf3 O-O 6.Be2 e5 7.d5 a5 8.Nd2 Na6 9.h4 Nc5
10.h5 Ne8 11.hxg6 fxg6 12.Nf3 Qf6 13.Be3 c6 14.Qc2 Nc7 15.Bxc5 dxc5 16.Rd1 cxd5
17.Nxd5 Nxd5 18.cxd5 Qd6 19.Nd2 Bd7 20.a4 b5 21.Bxb5 Bxb5 22.axb5 Qb6 23.Nc4 Qxb5
24.O-O Rad8 25.d6 Rf6 26.Rd5 Re6 27.Ra1 Ra8 28.d7 Rd8 29.Rxa5 Qc6 30.Raxc5  1-0

[Event "12th World Uni Men"]
[Site "Guimaraes POR"]
[Date "2012.08.25"]
[Round "9.8"]
[White "Martins,Vin"]
[Black "Perdomo,L"]
[Result "1/2-1/2"]
[WhiteElo "2345"]
[BlackElo "2391"]

1.Nf3 Nf6 2.c4 g6 3.Nc3 Bg7 4.e4 d6 5.d4 O-O 6.Be2 e5 7.O-O c6 8.Be3 exd4
9.Bxd4 Re8 10.Qc2 Nbd7 11.Rad1 Qe7 12.Rfe1 Ne5 13.Nxe5 dxe5 14.Be3 Nd7 15.Bg4 Nf8
16.Bxc8 Rexc8 17.Rd2 Ne6 18.Ne2 b6 19.Red1 Rd8 20.Qa4 Qc7 21.f3 Bf8 22.Qc2 Rxd2
23.Rxd2 Rd8 24.Rxd8 Qxd8 25.Qd2 Qxd2 26.Bxd2 Bc5+ 27.Kf1 a5 28.b3 f6 29.Be1 Kf7
30.Bc3  1/2-1/2

[Event "BDO Challengers 2012"]
[Site "Haarlem NED"]
[Date "2012.08.25"]
[Round "1.5"]
[White "Wantola,I"]
[Black "Bosboom,M"]
[Result "1/2-1/2"]
[WhiteElo "2330"]
[BlackElo "2383"]

1.Nf3 Nf6 2.c4 g6 3.Nc3 Bg7 4.e4 d6 5.d4 O-O 6.Be2 Nbd7 7.O-O e5 8.Be3 b6
9.dxe5 dxe5 10.h3 Bb7 11.Qc2 c6 12.Rfd1 Qe7 13.a3 Nh5 14.b4 Nf4 15.Bf1 Rfd8
16.c5 bxc5 17.bxc5 Nxc5 18.Rxd8+ Rxd8 19.Rb1 Ba8 20.Na4 Nce6 21.g3 Qxa3 22.Bc4 Nd5
23.exd5 cxd5 24.Qb3 Qxb3 25.Bxb3 d4 26.Bg5 Rb8 27.Nd2 Nxg5 28.Bxf7+ Kxf7
29.Rxb8 Bc6 30.Nc5 e4 31.Rc8 e3 32.Rc7+ Kg8 33.fxe3 dxe3 34.Rc8+ Bf8 35.Ndb3 Nxh3+
36.Kf1 Bb5+ 37.Ke1 Kf7 38.Nd4 Be8 39.Ke2 Ng5 40.Kxe3 Bd6 41.g4 a5 42.Nb7 Be5
43.Nc6 Bg3 44.Ncxa5 Bd7 45.Rc4 h5  1/2-1/2

[Event "Botvinnik Memorial 2012"]
[Site "St Petersburg RUS"]
[Date "2012.08.25"]
[Round "1.47"]
[White "Tunik,G"]
[Black "Nikomanis,A"]
[Result "1/2-1/2"]
[WhiteElo "2456"]
[BlackElo "2049"]

1.d4 Nf6 2.c4 g6 3.Nc3 Bg7 4.e4 d6 5.Nf3 O-O 6.Be2 e5 7.Be3 h6 8.dxe5 Ng4
9.Bd2 Nxe5 10.Rc1 Nbc6 11.O-O Kh7 12.b3 f5 13.exf5 Bxf5 14.Nxe5 Nxe5 15.Be3 Qd7
16.Nd5 a6 17.Bd4 Rae8 18.Ne3 Be6 19.f4 Ng4 20.Bxg4 Bxg4 21.Qd2 Re4 22.Bxg7 Kxg7
23.Nd5 Kh7 24.Rce1 Bf5 25.Qc3 Qd8 26.g4 c6 27.gxf5 cxd5 28.fxg6+ Kxg6 29.Qc2 Rxf4
30.cxd5 Qg5+ 31.Kh1 Rxf1+ 32.Rxf1 Qe5 33.Qg2+ Kh5 34.Qf3+ Kg5 35.Rg1+ Kh4
36.Qf2+ Kh5 37.Qf7+ Kh4 38.Qf2+ Kh5 39.Qf3+ Kh4 40.Qf2+ Kh5 41.Qf3+  1/2-1/2

[Event "24th Schlosspark Open"]
[Site "Wiesbaden GER"]
[Date "2012.08.25"]
[Round "4.42"]
[White "Rolf,Marco"]
[Black "Scharrer,U"]
[Result "1/2-1/2"]
[WhiteElo "1881"]
[BlackElo "2054"]

1.d4 Nf6 2.c4 g6 3.Nc3 Bg7 4.e4 d6 5.Be2 O-O 6.Nf3 e5 7.O-O Na6 8.Be3 Ng4
9.Bg5 Qe8 10.d5 h6 11.Bh4 Nf6 12.Ne1 Nc5 13.f3 a5 14.Bf2 b6 15.Bxc5 bxc5
16.Nb5 Qd8 17.a3 Bd7 18.Nc2 Qb8 19.b4 axb4 20.axb4 Rxa1 21.Qxa1 cxb4 22.Nxb4 Qb6+
23.Kh1  1/2-1/2

[Event "11th Lichtenberger Sommer 2012"]
[Site "Berlin GER"]
[Date "2012.08.26"]
[Round "9.55"]
[White "Kretzschmar,J"]
[Black "Schmidt,Markus1"]
[Result "1/2-1/2"]
[WhiteElo "1839"]
[BlackElo "2051"]

1.d4 Nf6 2.Nf3 g6 3.c4 Bg7 4.Nc3 O-O 5.e4 d6 6.Be2 e5 7.O-O exd4 8.Nxd4 Re8
9.f3 Nc6 10.Be3 Nh5 11.f4 Nf6 12.Bf3 Nxd4 13.Bxd4 c6 14.Qd3 Qa5 15.a3 Be6
16.b4 Qc7 17.f5 Bc8 18.g4 Nd7 19.Bxg7 Kxg7 20.Rad1 Ne5 21.Qd4 Qb6 22.Be2 f6
23.Qf2 Qxf2+ 24.Kxf2 Nf7 25.Bf3 Re5 26.h4 a5 27.Ra1 Bd7 28.Rfb1 b5 29.cxb5 cxb5
30.Nd5 Bc6 31.Nc3  1/2-1/2

[Event "12th ch-Euro Seniors"]
[Site "Kaunas LTU"]
[Date "2012.08.26"]
[Round "9.44"]
[White "Pintauro,Tonino"]
[Black "Belokopyt,B"]
[Result "1/2-1/2"]
[WhiteElo "1609"]
[BlackElo "2002"]

1.d4 Nf6 2.c4 g6 3.Nc3 Bg7 4.e4 d6 5.Nf3 O-O 6.Be2 Nbd7 7.O-O e5 8.d5 Nc5
9.Qc2 a5 10.Be3 b6 11.h3 Nh5 12.Qd2 Bd7 13.Nh2 Nf6 14.f3 Nh5 15.Bf2 f5 16.exf5 gxf5
17.g3 Qe8 18.h4 Qg6 19.Qg5 Bf6 20.Qxg6+ hxg6 21.Kg2 Kf7 22.Rac1 Rh8 23.Nb5 Bxb5
24.cxb5 e4 25.b3 Rae8 26.Bxc5 bxc5 27.fxe4 Rxe4 28.Bxh5 Rxh5 29.Rfe1 Rd4
30.Re2 Rxd5 31.Rce1 Rh8 32.Nf3 Rd8 33.Ng5+ Bxg5 34.hxg5 Rd7 35.Kf3 Rd3+ 36.Re3 Rxe3+
37.Rxe3 Re7 38.Rd3 Re4 39.b6 cxb6 40.Rxd6 Re6 41.Rd7+ Ke8 42.Rb7 Kd8 43.a4 Kc8
44.Rg7 Kd8 45.Rb7 Rc6 46.Rg7 Ke8 47.Ke3 c4 48.bxc4 Rxc4 49.Rxg6 Rxa4 50.Rxb6 Rg4
51.Kf3 a4 52.Ra6 Kf7 53.Rf6+ Kg7 54.Rxf5 Rb4 55.Ra5 Kg6 56.Ke3  1/2-1/2

[Event "e2e4 Hinckley Open 2012"]
[Site "Hinckley ENG"]
[Date "2012.08.27"]
[Round "6.6"]
[White "Bonafont,P"]
[Black "Nelson,Jo"]
[Result "0-1"]
[WhiteElo "2051"]
[BlackElo "2205"]

1.d4 Nf6 2.Nf3 d6 3.c4 g6 4.Nc3 Bg7 5.e4 O-O 6.Be2 e5 7.d5 Na6 8.Nd2 Ne8
9.O-O f5 10.a3 c5 11.Rb1 b6 12.b4 Bd7 13.Re1 Nf6 14.Qc2 f4 15.Nb5 Ne8 16.Nf1 g5
17.Qd1 Nac7 18.bxc5 Nxb5 19.cxb5 dxc5 20.Bg4 Nd6 21.Bxd7 Qxd7 22.Qe2 g4 23.f3 gxf3
24.gxf3 a6 25.bxa6 b5 26.Nd2 Rxa6 27.Kh1 Kh8 28.Rg1 Bf6 29.Bb2 c4 30.Rbc1 Nb7
31.Nb1 Nc5 32.Bc3 Nd3 33.Rcd1 Qa7 34.Rxd3 cxd3 35.Qxd3 Rg8 36.Rxg8+ Kxg8
37.Qxb5 Rb6 38.Qf1 Rb7 39.Bb4 Rg7 40.Nc3 Bd8 41.d6 Bb6 42.Qc4+ Kh8 43.Ne2 Qa4
44.Qd3 Qd7 45.Bc3 Qh3 46.Nxf4 Rg1+  0-1

[Event "e2e4 Hinckley Open 2012"]
[Site "Hinckley ENG"]
[Date "2012.08.27"]
[Round "7.4"]
[White "Shaw,P"]
[Black "Nelson,Jo"]
[Result "0-1"]
[WhiteElo "2168"]
[BlackElo "2205"]

1.d4 Nf6 2.c4 g6 3.Nc3 Bg7 4.e4 d6 5.Nf3 O-O 6.Be2 e5 7.Be3 Ng4 8.Bg5 f6
9.Bh4 Nc6 10.d5 Ne7 11.Nd2 Nh6 12.f3 c5 13.dxc6 bxc6 14.b4 Be6 15.Nb3 g5
16.Bf2 f5 17.Rc1 Nf7 18.O-O a6 19.a4 Ng6 20.exf5 Bxf5 21.Bd3 Bxd3 22.Qxd3 Nf4
23.Qd2 Re8 24.Rfd1 g4 25.fxg4 Qg5 26.Ne2 Qxg4 27.Nxf4 exf4 28.h3 Qg5 29.Nd4 Ne5
30.Kh2 Kh8 31.Nf3 Qh5 32.Nxe5 dxe5 33.Qd6 f3 34.Qxc6 e4 35.Rd5 Be5+ 36.g3 e3
37.Bxe3 Bxg3+ 38.Kg1 Be5 39.Qf6+ Bxf6 40.Rxh5 Rxe3 41.Rd1 Rg8+ 42.Kf2 Rc3  0-1

[Event "40th Olympiad Open"]
[Site "Istanbul TUR"]
[Date "2012.08.28"]
[Round "1.18"]
[White "Ivanisevic,I"]
[Black "Wynn Zaw Htun"]
[Result "1/2-1/2"]
[WhiteElo "2645"]
[BlackElo "2398"]

1.d4 Nf6 2.c4 g6 3.Nc3 Bg7 4.e4 d6 5.Nf3 O-O 6.Be2 e5 7.Be3 Qe7 8.dxe5 dxe5
9.Nd5 Qd8 10.Bc5 Nxe4 11.Be7 Qd7 12.Bxf8 Kxf8 13.Qd3 Nd6 14.Qa3 Nc6 15.Rd1 Nd4
16.Nxd4 exd4 17.O-O Kg8 18.Rfe1 Qd8 19.c5 Nf5 20.Bf3 Bd7 21.Nb4 c6 22.Be4 Be6
23.Nc2 Qd7 24.Re2 a6 25.Red2 Bd5 26.Bxf5 Qxf5 27.Nxd4 Bxd4 28.Rxd4 Re8 29.Qd3 Qg5
30.Qg3 Qe7 31.Qe3 Qxe3 32.fxe3 Rxe3 33.Kf2 Re5 34.a3 Rf5+ 35.Kg1 Re5 36.R1d2 Re1+
37.Kf2 Rc1 38.Rb4 Rxc5 39.Rxb7 a5 40.b4 axb4 41.axb4 Rc3 42.b5 Rb3 43.b6 h5
44.Ke1 Rb1+ 45.Ke2 Bxg2 46.Kd3 Bd5 47.Kc3 Rb3+ 48.Kd4 Kg7 49.Ke5 g5 50.Kf5 g4
51.Kg5 Bf3 52.Rdd7 Rb5+ 53.Kh4 Bd5 54.Rb8 Kf6 55.Rd6+ Be6 56.Kg3 h4+ 57.Kxh4 Rb3
58.Rxe6+ Kxe6 59.Kxg4 Kf6 60.b7 Rb4+ 61.Kf3 Kg7 62.h4 Kh7 63.Ke3 Kg7 64.Kd3 Kh7
65.Kc3 c5 66.h5 f5 67.Rf8 Rxb7 68.Rxf5  1/2-1/2

[Event "40th Olympiad Open"]
[Site "Istanbul TUR"]
[Date "2012.08.28"]
[Round "1.17"]
[White "Kozul,Z"]
[Black "Berrios Echevarria,G"]
[Result "1-0"]
[WhiteElo "2616"]
[BlackElo "2221"]

1.Nf3 d6 2.d4 g6 3.c4 Bg7 4.Nc3 Nf6 5.e4 O-O 6.Be2 e5 7.O-O Na6 8.Re1 c6
9.Bf1 Bg4 10.d5 c5 11.h3 Bd7 12.a3 Nc7 13.b4 b6 14.bxc5 bxc5 15.Bg5 h6 16.Bd2 Nfe8
17.Bd3 f5 18.Bc2 f4 19.Ba4 g5 20.Bxd7 Qxd7 21.Rb1 Bf6 22.Nh2 Ng7 23.Qa4 Qxa4
24.Nxa4 h5 25.Rb7 Rfc8 26.Reb1 Nce8 27.Ba5 Kh7 28.Nc3 Bd8 29.Bxd8 Rxd8 30.Nf3 Kg6
31.h4 gxh4 32.Nxh4+ Kf6 33.Nb5 a6 34.Na7 Kg5 35.Nf3+ Kh6 36.R1b6 Nf6 37.Nxe5 dxe5  1-0

[Event "40th Olympiad Open"]
[Site "Istanbul TUR"]
[Date "2012.08.28"]
[Round "1.21"]
[White "Waqar,A"]
[Black "Vedmediuc,S"]
[Result "0-1"]
[WhiteElo "2062"]
[BlackElo "2468"]

1.e4 g6 2.Nf3 Bg7 3.d4 d6 4.c4 Nf6 5.Nc3 O-O 6.Be2 e5 7.dxe5 dxe5 8.Qxd8 Rxd8
9.Bg5 Re8 10.Nd5 Nxd5 11.cxd5 c6 12.Bc4 cxd5 13.Bxd5 Nc6 14.Bxc6 bxc6 15.Rc1 Be6
16.a3 Reb8 17.Rxc6 Rxb2 18.Bc1 Ra2 19.O-O Rc8 20.Rxc8+ Bxc8 21.h3 Bb7 22.Be3 Bxe4
23.Bxa7 Rxa3 24.Be3 h6 25.Re1 f5 26.Nd2 Bd5 27.Rc1 Rd3 28.Nc4 f4 29.Bb6 e4
30.Bc7 g5 31.Be5 Bf8 32.Bd6 Rd4 33.Bxf8 Kxf8 34.Nd6 Rd2 35.Nf5 h5 36.Nd6 e3
37.f3 Bxf3 38.gxf3 Rxd6 39.Rc5 Rd1+ 40.Kg2 e2  0-1

[Event "40th Olympiad Open"]
[Site "Istanbul TUR"]
[Date "2012.08.28"]
[Round "1.66"]
[White "Fekadu,D"]
[Black "Purnama,T"]
[Result "0-1"]
[WhiteElo "2149"]
[BlackElo "2384"]

1.d4 Nf6 2.c4 g6 3.Nc3 Bg7 4.e4 d6 5.Nf3 O-O 6.Be2 Na6 7.O-O e5 8.Be3 Ng4
9.Bg5 Qe8 10.h3 h6 11.Bc1 Nf6 12.dxe5 dxe5 13.Be3 b6 14.a3 Bb7 15.Qc2 Nh5
16.g3 f5 17.Nh4 f4 18.Bxh5 gxh5 19.Bd2 Qe6 20.Nf5 Bxe4 21.Ne7+ Qxe7 22.Nxe4 Rad8
23.gxf4 exf4 24.Kh2 Nc5 25.Nxc5 Qxc5 26.Bc3 Qf5 27.Rg1 Rd7 28.Qb3 Rff7 29.c5 Kh7
30.cxb6 Rd3 31.Rg2 axb6 32.Rc1 Rxh3+ 33.Kg1 Bxc3 34.bxc3 f3 35.Rg3 Rxg3+
36.fxg3 f2+ 37.Kg2 f1=Q+  0-1

[Event "40th Olympiad Open"]
[Site "Istanbul TUR"]
[Date "2012.08.28"]
[Round "1.26"]
[White "Pitterson,J"]
[Black "Sebenik,M"]
[Result "1-0"]
[WhiteElo "2221"]
[BlackElo "2552"]

1.d4 Nf6 2.c4 g6 3.Nc3 Bg7 4.e4 d6 5.Nf3 O-O 6.Be2 e5 7.O-O exd4 8.Nxd4 Re8
9.f3 c6 10.Bf4 Nh5 11.Be3 f5 12.Qd2 f4 13.Bf2 Be5 14.Rad1 Qe7 15.b4 Nd7 16.a3 Nf8
17.Na4 Ng3 18.Rfe1 Nxe2+ 19.Rxe2 Ne6 20.Nb3 b6 21.Nb2 Ba6 22.Qc1 Qg7 23.Nd3 Bf6
24.a4 Rac8 25.Rc2 g5 26.b5 Bb7 27.Nb4 Be5 28.a5 g4 29.Kh1 g3 30.Bg1 gxh2
31.Bf2 c5 32.Nd5 Kh8 33.axb6 Rg8 34.Bh4 Qh6 35.Ne7 Qxh4 36.Nxc8 Rxc8 37.bxa7 Qd8
38.Ra2 Ra8 39.Na5 Rxa7 40.Nc6 Rxa2 41.Nxd8 Nxd8 42.Qb1 Ra8 43.Rd2 Ra4 44.Rxd6 Bxd6
45.Qd1 Bc7 46.Qxa4 Kg7 47.b6  1-0

[Event "40th Olympiad Open"]
[Site "Istanbul TUR"]
[Date "2012.08.28"]
[Round "1.38"]
[White "Perera,WC"]
[Black "Jumabayev,R"]
[Result "1/2-1/2"]
[WhiteElo "2110"]
[BlackElo "2525"]

1.d4 g6 2.c4 Bg7 3.Nc3 d6 4.Nf3 Nf6 5.e4 O-O 6.Be2 Nbd7 7.O-O e5 8.Be3 Re8
9.d5 Nh5 10.Re1 Bf8 11.b4 Ng7 12.Rc1 f5 13.exf5 gxf5 14.Bg5 Be7 15.Bxe7 Rxe7
16.c5 Nf6 17.Nd2 Kh8 18.Nc4 Nge8 19.f4 e4 20.Qd4 Kg7 21.Bd1 Kf8 22.cxd6 cxd6
23.Nb5 Rg7 24.Nxa7 Nxd5 25.Qxd5 Rxa7 26.Bb3 Ra8 27.a4 Rb8 28.a5 Qh4 29.Nxd6 Rxg2+
30.Kxg2 Qg4+ 31.Kh1 Qf3+ 32.Kg1 Qg4+ 33.Kh1 Qf3+ 34.Kg1  1/2-1/2

[Event "World Youth U16 Olympiad 2012"]
[Site "Istanbul TUR"]
[Date "2012.08.29"]
[Round "1.2"]
[White "Perera,Pasan"]
[Black "Chigaev,M"]
[Result "0-1"]
[WhiteElo "1956"]
[BlackElo "2462"]

1.d4 Nf6 2.Nf3 g6 3.c4 Bg7 4.Nc3 O-O 5.e4 d6 6.Be2 e5 7.d5 a5 8.h3 Na6 9.Be3 Bd7
10.O-O Nh5 11.Rc1 Qe8 12.Ne1 Nf4 13.Nd3 Nxe2+ 14.Nxe2 f5 15.f3 f4 16.Bf2 b6
17.Nc3 g5 18.Nb5 h5 19.a3 g4 20.hxg4 hxg4 21.fxg4 Qg6 22.Nc3 Bxg4 23.Qd2 Bh3
24.Bh4 Bh6 25.Rf3 Bg4 26.Rcf1 Rf7 27.Ne1 Raf8 28.Qc2 Qh5 29.Qf2 Rh7 30.g3 Rg7
31.Rd3 Rff7 32.Ng2 Nc5 33.Rd2 fxg3  0-1

[Event "40th Olympiad Open"]
[Site "Istanbul TUR"]
[Date "2012.08.29"]
[Round "2.60"]
[White "Qureshi,M"]
[Black "Mohamed,Sidi Mbareck"]
[Result "1-0"]
[WhiteElo "2190"]
[BlackElo "1947"]

1.d4 Nf6 2.c4 g6 3.Nc3 Bg7 4.e4 d6 5.Nf3 O-O 6.Be2 e5 7.O-O Na6 8.Be3 Ng4
9.Bg5 Qe8 10.d5 f6 11.Bd2 f5 12.Ne1 Nf6 13.exf5 gxf5 14.f4 e4 15.Be3 Qg6
16.Nc2 Kh8 17.Bd4 Rg8 18.Ne3 c5 19.dxc6 bxc6 20.Nb1 Nc5 21.Na3 Nd3 22.Bxd3 exd3
23.Qxd3 Ne4 24.Rae1 Bd7 25.Re2 Bxd4 26.Qxd4+ Rg7 27.Nac2 a5 28.Ne1 a4 29.Nf3 h6
30.Nh4 Qh5 31.Nhxf5 Bxf5 32.Nxf5 Qxf5 33.Qxe4 Qc5+ 34.Kh1 Qh5 35.Rd1 d5 36.cxd5 Rag8
37.Qe5 Qg4 38.dxc6 Kh7 39.h3 Qg3 40.c7 Qh4 41.c8=Q  1-0

[Event "40th Olympiad Open"]
[Site "Istanbul TUR"]
[Date "2012.08.29"]
[Round "2.26"]
[White "Abdulla,AlR"]
[Black "Akopian,Vl"]
[Result "0-1"]
[WhiteElo "2514"]
[BlackElo "2687"]

1.d4 Nf6 2.c4 d6 3.Nc3 Nbd7 4.e4 e5 5.Nf3 g6 6.Be2 Bg7 7.O-O O-O 8.Be3 Qe7
9.Qc2 exd4 10.Bxd4 c6 11.Rfe1 Ne5 12.h3 Nfd7 13.Rad1 Nxf3+ 14.Bxf3 Ne5 15.Be2 g5
16.Bxe5 Bxe5 17.Bg4 Be6 18.Ne2 Qf6 19.Rd3 Bxb2 20.Rf3 Qg7 21.Rb1 Be5 22.Rxb7 Rab8
23.Rfb3 Rxb7 24.Rxb7 Bxg4 25.hxg4 Qh6 26.g3 Qh3 27.c5 Qxg4 28.cxd6 Bxd6 29.Kg2 Be5
30.Rxa7 Qe6 31.Ra6 Rc8 32.Nc1 h5 33.Qe2 h4 34.Nd3 hxg3 35.fxg3 Bd4 36.Ne1 Rb8
37.Nd3  0-1

[Event "37th Trade Fair Open A"]
[Site "Brno CZE"]
[Date "2012.08.30"]
[Round "6"]
[White "Cip,D"]
[Black "Sergeev,Vl"]
[Result "0-1"]
[WhiteElo "2107"]
[BlackElo "2481"]

1.c4 g6 2.Nc3 Bg7 3.d4 d6 4.Nf3 Nd7 5.e4 e5 6.Be2 Ngf6 7.O-O O-O 8.Re1 h6
9.h3 Nh7 10.dxe5 dxe5 11.Be3 f5 12.exf5 gxf5 13.c5 e4 14.c6 bxc6 15.Nd4 Ne5
16.Qb3+ Kh8 17.Ne6 Bxe6 18.Qxe6 Ng5 19.Qb3 f4 20.Bc5 Rg8 21.Bc4 Nxh3+ 22.Kf1 Rb8
23.Rad1 Qh4 24.Bxg8 Rxb3 25.Bxb3 e3 26.Ne4 Nxf2  0-1

[Event "8th Dieppe Open A 2012"]
[Site "Dieppe FRA"]
[Date "2012.08.30"]
[Round "7.11"]
[White "Grabliauskas,V"]
[Black "Sanders,I"]
[Result "0-1"]
[WhiteElo "2345"]
[BlackElo "2114"]

1.d4 Nf6 2.c4 g6 3.Nc3 Bg7 4.e4 d6 5.Nf3 O-O 6.Be2 e5 7.O-O Nbd7 8.Qc2 exd4
9.Nxd4 c6 10.Rd1 Re8 11.Bg5 Qe7 12.b4 Nf8 13.f3 Ne6 14.Nxe6 Bxe6 15.c5 dxc5
16.b5 c4 17.Be3 Nd5 18.exd5 Bf5 19.Ne4 cxd5 20.Bd4 Bxe4 21.Qc3 Bxd4+ 22.Qxd4 Bf5
23.Bf1 Be6 24.Kh1 b6 25.a4 Rac8 26.Qc3 Ra8 27.a5 a6 28.axb6 axb5 29.Rxa8 Rxa8
30.Ra1 Rb8 31.g4 Qb7 32.h4 Bxg4 33.Bg2 d4 34.Qxd4 Bxf3 35.Bxf3 Qxf3+ 36.Kg1 Qc6
37.Re1 c3 38.h5 Qxb6 39.Re8+ Rxe8 40.Qxb6 c2  0-1

[Event "World Youth U16 Olympiad 2012"]
[Site "Istanbul TUR"]
[Date "2012.08.30"]
[Round "2.11"]
[White "Szotkowski,J"]
[Black "Takacs,Las"]
[Result "1-0"]
[WhiteElo "2109"]
[BlackElo "2164"]

1.Nf3 Nf6 2.c4 g6 3.Nc3 Bg7 4.e4 d6 5.d4 O-O 6.Be2 Nbd7 7.O-O e5 8.Qc2 c6
9.dxe5 dxe5 10.Rd1 Qc7 11.b4 a5 12.b5 Re8 13.Rb1 Nc5 14.b6 Qb8 15.Ba3 Bf8
16.Bxc5 Bxc5 17.Na4 Bf8 18.c5 Bg4 19.h3 Bxf3 20.Bxf3 Rd8 21.Qc3 Rxd1+ 22.Rxd1 Qe8
23.Rd2 h5 24.g3 Qe6 25.Bg2 h4 26.g4 Ne8 27.Nb2 f6 28.Bf1 Kh7 29.Bc4 Qe7 30.Bb3 Rb8
31.Na4 Ng7 32.Qc4 Rd8 33.g5 Ne6 34.Rxd8 Qxd8 35.Qxe6 Bg7 36.gxf6 Bxf6 37.Qd6 Qh8
38.Qd7+ Bg7 39.Bf7 Kh6 40.Qg4  1-0

[Event "40th Olympiad Open"]
[Site "Istanbul TUR"]
[Date "2012.08.30"]
[Round "3.60"]
[White "Pitterson,J"]
[Black "Mohamed,Sidi Mbareck"]
[Result "1-0"]
[WhiteElo "2221"]
[BlackElo "1947"]

1.d4 Nf6 2.c4 g6 3.Nc3 Bg7 4.e4 d6 5.Nf3 O-O 6.Be2 e5 7.O-O Na6 8.Be3 Ng4
9.Bg5 Qe8 10.Re1 f5 11.h3 h6 12.hxg4 hxg5 13.exf5 gxf5 14.gxf5 c6 15.Ne4 g4
16.Nh4 Qh5 17.Ng6 Bxf5 18.Ne7+ Kh8 19.Ng3 Qg5 20.Nexf5 Rxf5 21.Nxf5 Qxf5
22.Bxg4 Qg6 23.Re3 exd4 24.Rh3+ Kg8 25.Rg3 Qf6 26.Qe2 Nc7 27.Bh5 Qe5 28.Qg4 Rf8
29.Bg6 Qf4 30.Bh7+  1-0

[Event "40th Olympiad Open"]
[Site "Istanbul TUR"]
[Date "2012.08.31"]
[Round "4.24"]
[White "Purnama,T"]
[Black "Nguyen Ngoc Truong Son"]
[Result "0-1"]
[WhiteElo "2384"]
[BlackElo "2639"]

1.d4 Nf6 2.c4 g6 3.Nc3 Bg7 4.Nf3 O-O 5.e4 d6 6.Be2 e5 7.dxe5 dxe5 8.Qxd8 Rxd8
9.Bg5 c6 10.Nxe5 Re8 11.f4 Na6 12.O-O-O h6 13.Bxf6 Bxf6 14.Bf3 Bxe5 15.fxe5 Kf8
16.b3 Nc7 17.Rd6 Rxe5 18.Rhd1 Be6 19.Ne2 g5  0-1

[Event "40th Olympiad Open"]
[Site "Istanbul TUR"]
[Date "2012.08.31"]
[Round "4.3"]
[White "Fridman,D"]
[Black "Guseinov,G"]
[Result "1-0"]
[WhiteElo "2653"]
[BlackElo "2613"]

1.d4 Nf6 2.c4 g6 3.Nc3 Bg7 4.e4 d6 5.Nf3 O-O 6.Be2 Na6 7.O-O e5 8.Re1 Bg4
9.Be3 Re8 10.d5 Nc5 11.h3 Bxf3 12.Bxf3 a5 13.Qc2 Nfd7 14.b3 f5 15.a3 a4 16.Nxa4 Nxa4
17.bxa4 fxe4 18.Bxe4 b6 19.Rab1 Ra7 20.Bd2 Qe7 21.Rb5 Bf6 22.a5 Bg5 23.Bb4 Kg7
24.a4 Rea8 25.axb6 cxb6 26.Ra1 Qf8 27.Qd1 Bd8 28.Ra3 Nc5 29.Rf3 Qe7 30.Bxc5 bxc5
31.Bc2 Ba5 32.g3 Bb4 33.h4 Rf8 34.h5 Rxf3 35.Qxf3 Qg5 36.hxg6 hxg6 37.Kg2 Rf7
38.Qe4 Bc3 39.Rb3 Bd4 40.Rf3 Rxf3 41.Kxf3 Bc3 42.Kg2 Ba5 43.Qf3 Be1 44.Kf1 Bb4
45.Be4 Qc1+ 46.Kg2 Qg5 47.Qd1 Qh5 48.Qxh5 gxh5 49.Kf3 Kf6 50.Bd3 Be1 51.Be2 Kg5
52.Ke4 Ba5 53.f4+ exf4 54.gxf4+ Kf6 55.Bxh5 Bb4 56.Be2 Ba5 57.Bd3 Bb4 58.Kf3 Bc3
59.Kg4 Ba5 60.Kh5 Bb4 61.Kh6 Bc3 62.Kh7 Bd2 63.Kg8 Ke7 64.f5 Bc3 65.Bc2 Bd2
66.Kg7 Bc3+ 67.Kg6  1-0

[Event "40th Olympiad Open"]
[Site "Istanbul TUR"]
[Date "2012.08.31"]
[Round "4.12"]
[White "Sedlak,N"]
[Black "Kadric,D"]
[Result "1/2-1/2"]
[WhiteElo "2549"]
[BlackElo "2418"]

1.d4 d6 2.Nf3 Nf6 3.c4 g6 4.Nc3 Bg7 5.e4 O-O 6.Be2 Nbd7 7.O-O e5 8.Qc2 Qe7
9.Rd1 c6 10.d5 c5 11.g3 Kh8 12.Nh4 Ng8 13.Bd3 Ndf6 14.Bg5 h6 15.Bd2 Nh5 16.Ng2 f5
17.exf5 gxf5 18.f4 e4 19.Be2 Nhf6 20.Re1 Bd7 21.a4 a5 22.Nd1 b6 23.Nde3 Qf7
24.Bc3 Ne7 25.Nh4 Ne8 26.Bxg7+ Qxg7 27.Kf2 Ng6 28.Nxg6+ Qxg6 29.Qc3+ Kh7
30.b3 Nf6 31.Rg1 Rg8 32.Ke1 Rg7 33.Kd2 Rag8 34.Rg2 h5 35.Rag1 Qh6 36.h4  1/2-1/2

[Event "11th Istanbul Open A"]
[Site "Istanbul TUR"]
[Date "2012.09.01"]
[Round "3"]
[White "El Mashaili,K"]
[Black "Primbetov,K"]
[Result "0-1"]
[WhiteElo "1702"]
[BlackElo "2209"]

1.d4 Nf6 2.c4 g6 3.Nc3 Bg7 4.e4 d6 5.Nf3 O-O 6.Be2 e5 7.d5 c6 8.O-O cxd5
9.cxd5 Nbd7 10.Bg5 h6 11.Bh4 a5 12.Nd2 Nc5 13.Qc2 g5 14.Bg3 Ne8 15.f3 Bd7
16.Nb3 Na4 17.Nxa4 Bxa4 18.Rac1 Bd7 19.Bf2 Bf6 20.g4 h5 21.h3 h4 22.Nd2 b5
23.a3 a4 24.Qd3 Qb8 25.Rc2 Bd8 26.Qe3 f6 27.Rfc1 Rf7 28.Kg2 Ng7 29.Kg1 Be8
30.Bd3 Rb7 31.Qe2 Bd7 32.Kg2 Ne8 33.Nf1 b4 34.Nd2 bxa3 35.bxa3 Nc7 36.Nc4 Ne8
37.Rb2 Rxb2 38.Qxb2 Qxb2 39.Nxb2 Rb8 40.Rb1 Rb3 41.Bc2 Rxa3 42.Bxa4 Rxa4
43.Nxa4 Bxa4 44.Rb8 Bc7 45.Ra8 Bb5 46.Ba7 Kf7 47.Bb8 Ke7 48.Ra7 Kd8 49.Rb7 Ba6
50.Bxc7+ Nxc7 51.Rb8+ Bc8 52.Kf2 Na6 53.Ra8 Kc7 54.Ra7+ Bb7  0-1